000 00263nam a22001217a 4500
041 _aENG
100 _aKruts.Et
245 _aDesign Of Agricultural Machinery
260 _aNew York
_bJohn Wiley
_c1996
300 _a472
650 _a FMP
856 _u FMP ( 04 )
999 _c1480
_d1480